| Tag |
First Indicator |
Second Indicator |
Subfields |
| LEADER |
00000cas a2200000 a 4500 |
| 001 |
in00000279727 |
| 005 |
20190122115054.0 |
| 008 |
750726c19499999gw x p 0 b0ger d |
| 010 |
|
|
|a sn 86010937
|z sn 86010194
|
| 019 |
|
|
|a 9689802
|a 22650532
|
| 022 |
|
|
|a 0005-6995
|l 0005-6995
|y 0376-1029
|2 z
|
| 029 |
1 |
|
|a NZ1
|b 6189448
|
| 029 |
1 |
|
|a AU@
|b 000005005503
|
| 030 |
|
|
|a ABWMAJ
|
| 035 |
|
|
|a (OCoLC)ocm06080177
|
| 035 |
|
|
|a (OCoLC)6080177
|z (OCoLC)9689802
|z (OCoLC)22650532
|
| 040 |
|
|
|a NYG
|b eng
|c NYG
|d SER
|d AIP
|d NST
|d NSD
|d OCL
|d NST
|d HUL
|d IUL
|d SYS
|d AGL
|d OCLCQ
|d OCLCF
|d OCLCO
|d GZM
|d UtOrBLW
|
| 042 |
|
|
|a nsdp
|
| 049 |
|
|
|a TXAM
|
| 050 |
|
4 |
|a AS182
|b .M817
|
| 070 |
0 |
|
|a 509
|b M92Ab
|
| 072 |
|
0 |
|a X100
|
| 072 |
|
0 |
|a X300
|
| 082 |
0 |
4 |
|a 506
|b qA313m
|
| 130 |
0 |
|
|a Abhandlungen (Bayerische Akademie der Wissenschaften. Mathematisch-Naturwissenschaftliche Klasse)
|0 http://id.loc.gov/authorities/names/n83704032
|
| 210 |
0 |
|
|a Abh.- Bayer. Akad. Wiss., Math.-Nat.wiss. Kl.
|
| 222 |
|
0 |
|a Abhandlungen - Bayerische Akademie der Wissenschaften. Mathematisch-Naturwissenschaftliche Klasse
|
| 245 |
1 |
0 |
|a Abhandlungen /
|c Bayerische Akademie der Wissenschaften, Mathematisch-Naturwissenschaftliche Klasse.
|
| 264 |
|
1 |
|a München :
|b C.H. Beck'sche Verlagsbuchh,
|c 1949-
|
| 300 |
|
|
|a volumes :
|b illustrations ;
|c 30 cm.
|
| 310 |
|
|
|a Irregular
|
| 336 |
|
|
|a text
|b txt
|2 rdacontent
|
| 337 |
|
|
|a unmediated
|b n
|2 rdamedia
|
| 338 |
|
|
|a volume
|b nc
|2 rdacarrier
|
| 362 |
0 |
|
|a n.F., Heft 56-
|
| 510 |
2 |
|
|a Chemical abstracts
|x 0009-2258
|
| 650 |
|
0 |
|a Science
|v Periodicals.
|0 http://id.loc.gov/authorities/subjects/sh85118580
|
| 650 |
|
7 |
|a Science.
|2 fast
|0 (OCoLC)fst01108176
|
| 655 |
|
7 |
|a Periodicals.
|2 fast
|0 (OCoLC)fst01411641
|
| 710 |
2 |
|
|a Bayerische Akademie der Wissenschaften.
|b Mathematisch-Naturwissenschaftliche Klasse,
|e issuing body.
|0 http://id.loc.gov/authorities/names/n83197338
|
| 776 |
0 |
8 |
|i Online version:
|t Abhandlungen (Bayerische Akademie der Wissenschaften. Mathematisch-Naturwissenschaftliche Klasse)
|w (OCoLC)654659839
|
| 780 |
0 |
0 |
|a Bayerische Akademie der Wissenschaften. Mathematisch-Naturwissenschaftliche Abteilung.
|t Abhandlungen der Bayerischen Akademie der Wissenschaften, Mathematisch-Naturwissenschaftliche Abteilung
|w (DLC)sn 86010929
|w (OCoLC)6080173
|
| 850 |
|
|
|a CU-S
|a DNAL
|a InU
|a MH
|a NcD
|
| 891 |
0 |
3 |
|9 853
|8 1
|a N.F. : Heft
|i (year)
|
| 891 |
4 |
0 |
|9 863
|8 1
|a 57
|i 1949
|
| 949 |
|
|
|a updated
|b h
|c 2018/10/18
|e spoltoratski
|f 4:56:47 pm
|
| 994 |
|
|
|a C0
|b TXA
|
| 999 |
f |
f |
|s c97102b7-128e-3b63-8023-aa4b13edebf2
|i 92ca1854-2e21-38fe-9788-c48f1353116a
|t 0
|
| 952 |
f |
f |
|p ric
|a Texas A&M University
|b Rellis Campus
|c Joint Library Facility
|d Remote Storage
|t 0
|e AS182 .M817
|h Library of Congress classification
|i unmediated -- volume
|k n.F.Heft 164
|l 1985
|m A14850632135
|
| 952 |
f |
f |
|p ric
|a Texas A&M University
|b Rellis Campus
|c Joint Library Facility
|d Remote Storage
|t 0
|e AS182 .M817
|h Library of Congress classification
|i unmediated -- volume
|k n.F.Heft 132-133
|l 1968
|m A14850631996
|
| 952 |
f |
f |
|p ric
|a Texas A&M University
|b Rellis Campus
|c Joint Library Facility
|d Remote Storage
|t 0
|e AS182 .M817
|h Library of Congress classification
|i unmediated -- volume
|k n.F.Heft 157B
|l 1975
|m A14850632150
|
| 952 |
f |
f |
|p ric
|a Texas A&M University
|b Rellis Campus
|c Joint Library Facility
|d Remote Storage
|t 0
|e AS182 .M817
|h Library of Congress classification
|i unmediated -- volume
|k n.F.Heft 137-137
|l 1969
|m A14850631988
|
| 952 |
f |
f |
|p ric
|a Texas A&M University
|b Rellis Campus
|c Joint Library Facility
|d Remote Storage
|t 0
|e AS182 .M817
|h Library of Congress classification
|i unmediated -- volume
|k n.F.Heft 120-123
|l 1965
|m A14850631970
|
| 952 |
f |
f |
|p ric
|a Texas A&M University
|b Rellis Campus
|c Joint Library Facility
|d Remote Storage
|t 0
|e AS182 .M817
|h Library of Congress classification
|i unmediated -- volume
|k n.F.Heft 142-145
|l 1969-1970
|m A14850632069
|
| 952 |
f |
f |
|p ric
|a Texas A&M University
|b Rellis Campus
|c Joint Library Facility
|d Remote Storage
|t 0
|e AS182 .M817
|h Library of Congress classification
|i unmediated -- volume
|k n.F.Heft 146-149
|l 1970-1971
|m A14850632051
|
| 952 |
f |
f |
|p ric
|a Texas A&M University
|b Rellis Campus
|c Joint Library Facility
|d Remote Storage
|t 0
|e AS182 .M817
|h Library of Congress classification
|i unmediated -- volume
|k n.F.Heft 138-141
|l 1969-1970
|m A14850632077
|
| 952 |
f |
f |
|p ric
|a Texas A&M University
|b Rellis Campus
|c Joint Library Facility
|d Remote Storage
|t 0
|e AS182 .M817
|h Library of Congress classification
|i unmediated -- volume
|k n.F.Heft 158-160
|l 1978-1981
|m A14850632143
|
| 952 |
f |
f |
|p ric
|a Texas A&M University
|b Rellis Campus
|c Joint Library Facility
|d Remote Storage
|t 0
|e AS182 .M817
|h Library of Congress classification
|i unmediated -- volume
|k n.F.Heft 155-156
|l 1976
|m A14850632168
|
| 952 |
f |
f |
|p ric
|a Texas A&M University
|b Rellis Campus
|c Joint Library Facility
|d Remote Storage
|t 0
|e AS182 .M817
|h Library of Congress classification
|i unmediated -- volume
|k n.F.Heft 124-127
|l 1966
|m A14850632010
|
| 952 |
f |
f |
|p ric
|a Texas A&M University
|b Rellis Campus
|c Joint Library Facility
|d Remote Storage
|t 0
|e AS182 .M817
|h Library of Congress classification
|i unmediated -- volume
|k n.F.Heft 104-105
|l 1962
|m A14850631962
|
| 952 |
f |
f |
|p ric
|a Texas A&M University
|b Rellis Campus
|c Joint Library Facility
|d Remote Storage
|t 0
|e AS182 .M817
|h Library of Congress classification
|i unmediated -- volume
|k n.F.Heft 92,98-100
|l 1958,1959
|m A14850631954
|
| 952 |
f |
f |
|p ric
|a Texas A&M University
|b Rellis Campus
|c Joint Library Facility
|d Remote Storage
|t 0
|e AS182 .M817
|h Library of Congress classification
|i unmediated -- volume
|k n.F.Heft 128-131
|l 1967
|m A14850632002
|
| 952 |
f |
f |
|p ric
|a Texas A&M University
|b Rellis Campus
|c Joint Library Facility
|d Remote Storage
|t 0
|e AS182 .M817
|h Library of Congress classification
|i unmediated -- volume
|k n.F.Heft 153-154
|l 1973
|m A14850632093
|
| 952 |
f |
f |
|p ric
|a Texas A&M University
|b Rellis Campus
|c Joint Library Facility
|d Remote Storage
|t 0
|e AS182 .M817
|h Library of Congress classification
|i unmediated -- volume
|k n.F.Heft 157A
|l 1975
|m A14850632101
|
| 952 |
f |
f |
|p ric
|a Texas A&M University
|b Rellis Campus
|c Joint Library Facility
|d Remote Storage
|t 0
|e AS182 .M817
|h Library of Congress classification
|i unmediated -- volume
|k n.F.Heft 76-79
|l 1956
|m A14850631947
|
| 952 |
f |
f |
|p ric
|a Texas A&M University
|b Rellis Campus
|c Joint Library Facility
|d Remote Storage
|t 0
|e AS182 .M817
|h Library of Congress classification
|i unmediated -- volume
|k n.F.Heft 165
|l 1987
|m A14850632127
|
| 952 |
f |
f |
|p ric
|a Texas A&M University
|b Rellis Campus
|c Joint Library Facility
|d Remote Storage
|t 0
|e AS182 .M817
|h Library of Congress classification
|i unmediated -- volume
|k n.F.Heft 150-152
|l 1971-1972
|m A14850632085
|
| 952 |
f |
f |
|p ric
|a Texas A&M University
|b Rellis Campus
|c Joint Library Facility
|d Remote Storage
|t 0
|e AS182 .M817
|h Library of Congress classification
|i unmediated -- volume
|k n.F.Heft 161-163
|l 1982-1984
|m A14819886389
|
| 998 |
f |
f |
|a AS182 .M817
|s n.F.Heft 157-166 (1975-1987)
|t 0
|l Remote Storage
|